000 00579nam a2200193Ia 4500
003 GCL
008 140319s9999 xx 000 0 ara d
040 _aGCL /
_cGCL
082 0 4 _a188
_bل ف
100 1 _aليبيرا، دى
245 1 0 _aفلسفة العصر الوسيط /
_cليبيرا، دى
250 _aالاولى
260 _aالقاهرة :
_bدار شرقيات للنشر ،
_c1999
300 _a568 ص ؛
_c24 سم
650 0 4 _aالفلسفة
650 0 4 _aالعصور الوسطى
650 0 4 _aفلسفة العصور الوسطى
942 _2ddc
_cBK
999 _c5244
_d5244